[Event "Reykjavik Open 2015"]
[Site "Reykjavik ISL"]
[Date "2015.03.15"]
[Round "7.40"]
[White "Foisor, Cristina-Adela"]
[Black "Risting, Eivind Olav"]
[Result "1-0"]
[WhiteTitle "IM"]
[WhiteElo "2394"]
[BlackElo "2100"]
[WhiteFideId "1200496"]
[BlackFideId "1517333"]
[EventDate "2015.03.10"]

1. Nf3 d5 2. d4 c6 3. e3 e6 4. c4 Bd6 5. Qc2 f5 6. Bd3 Nf6 7. cxd5 cxd5 8. Nc3
Nc6 9. a3 O-O 10. Bd2 Bd7 11. b4 Rc8 12. Qb3 Be8 13. Na4 Ne4 14. Nc5 Qe7 15. Rc1
Bh5 16. Be2 f4 17. Nd3 g5 18. Nfe5 Bxe2 19. Nxc6 Qf6 20. Nce5 fxe3 21. Bxe3
Rxc1+ 22. Nxc1 Bb5 23. Ncd3 Bxe5 24. dxe5 Qf5 25. f3 Rc8 26. fxe4 Qxe4 27. Nf2
Qxe5 28. Ng4 Qa1+ 29. Qd1 Qc3+ 30. Kf2 Rf8+ 31. Kg3 h5 32. Qc1 Qg7 33. Bxg5 hxg4
34. Re1 e5 35. Bh6 Qg6 36. Bxf8 Kxf8 37. Qc5+ Kg7 38. Qxb5 Qf5 39. Rf1 Qe6 40.
Qxb7+ Kg6 41. Qxa7 e4 42. Rf4 1-0

[Event "Reykjavik Open 2015"]
[Site "Reykjavik ISL"]
[Date "2015.03.15"]
[Round "7.41"]
[White "Ragnarsson, Dagur"]
[Black "Sigeman, Johan"]
[Result "0-1"]
[WhiteElo "2347"]
[BlackElo "2123"]
[WhiteFideId "2304058"]
[BlackFideId "1705601"]
[EventDate "2015.03.10"]

1. d4 Nf6 2. c4 c5 3. d5 e5 4. Nc3 d6 5. e4 Be7 6. h3 O-O 7. Bd3 Ne8 8. g4 Bg5
9. Nf3 Bxc1 10. Qxc1 a6 11. Nd1 Qf6 12. Ke2 b5 13. Ne3 bxc4 14. Nxc4 Nc7 15. a4
a5 16. Qe3 Ba6 17. Nfd2 Nd7 18. h4 Rfb8 19. g5 Qe7 20. h5 Bxc4 21. Nxc4 Nb6 22.
b3 Nxc4 23. Bxc4 Rf8 24. Rad1 f5 25. Rh4 f4 26. Qc3 Ra7 27. Kd2 Raa8 28. Bf1
Rfb8 29. Bh3 Rb4 30. Bf5 Rab8 31. Rh3 c4 32. Qc2 Na6 33. Rc3 Qa7 34. Ke2 Nc5 35.
Rc1 cxb3 36. Qb1 b2 37. R1c2 Qa6+ 38. Kf3 Rb3 39. Kg2 Rxc3 40. Rxc3 Qe2 41. Rc2
Qxc2 0-1

[Event "Reykjavik Open 2015"]
[Site "Reykjavik ISL"]
[Date "2015.03.15"]
[Round "7.42"]
[White "Cummings, David H."]
[Black "Johannsson, Orn Leo"]
[Result "1-0"]
[WhiteTitle "IM"]
[WhiteElo "2345"]
[BlackElo "2107"]
[WhiteFideId "2603578"]
[BlackFideId "2303051"]
[EventDate "2015.03.10"]

1. d4 d5 2. c4 c6 3. Nc3 Nf6 4. e3 e6 5. Nf3 Nbd7 6. Bd3 Bd6 7. O-O O-O 8. e4
dxc4 9. Bxc4 e5 10. Bg5 b5 11. Be2 b4 12. Na4 Qa5 13. dxe5 Bxe5 14. Qc2 Re8 15.
Bd3 Ba6 16. Bxa6 Qxa6 17. Rac1 Nxe4 18. Rfe1 Bf6 19. Rxe4 Rxe4 20. Qxe4 Qxa4 21.
Bxf6 Nxf6 22. Qxc6 Qxc6 23. Rxc6 Kf8 24. Rc7 Rd8 25. Kf1 Rd1+ 26. Ke2 Rb1 27.
Rc2 Ra1 28. b3 Nd5 29. Kd3 Nc3 30. a4 Ke8 31. Kc4 a5 32. Kc5 Nxa4+ 33. bxa4 Rxa4
34. Nd4 Ra3 35. Rb2 Kd7 36. Kb5 Rd3 37. Nb3 Rd5+ 38. Ka4 Ke6 39. Nxa5 Rd1 40.
Kxb4 Rg1 41. Re2+ Kf5 42. Nc4 Kg5 43. Ne5 Kf6 44. g3 Rc1 45. Nd3 Rh1 46. h4 g5
47. hxg5+ Kxg5 48. Re4 h5 49. Kc4 Ra1 50. Kd4 Ra3 51. Ke3 Rb3 52. Rf4 f6 53. Ke2
Ra3 54. Nc5 1-0

[Event "Reykjavik Open 2015"]
[Site "Reykjavik ISL"]
[Date "2015.03.15"]
[Round "7.43"]
[White "Bucher, Grant W"]
[Black "Haug, Johannes"]
[Result "1/2-1/2"]
[BlackTitle "FM"]
[WhiteElo "2087"]
[BlackElo "2339"]
[WhiteFideId "413810"]
[BlackFideId "1509268"]
[EventDate "2015.03.10"]

1. e4 e6 2. d4 d5 3. Nc3 Nf6 4. e5 Nfd7 5. f4 c5 6. Nf3 Nc6 7. Ne2 f6 8. c3 Qb6
9. g3 cxd4 10. Nexd4 Nc5 11. Bh3 Bd7 12. Qe2 Nxd4 13. Nxd4 Be7 14. O-O O-O 15.
Be3 fxe5 16. fxe5 a5 17. Rf4 Qa6 18. Rxf8+ Bxf8 19. Qg4 Qd3 20. Bg5 Qg6 21. Be3
Qxg4 22. Bxg4 Re8 23. Rd1 g6 24. Kg2 b6 25. Nb3 a4 26. Nc1 Bc8 27. Bd4 Ba6 28.
Ne2 h5 29. Bf3 Bc4 30. a3 Bh6 31. g4 h4 32. Bf2 Bg5 33. Nc1 Kg7 34. h3 Rb8 35.
Bd4 Bxc1 36. Rxc1 Nd3 37. Rb1 Ba2 38. Rd1 Bc4 39. Rd2 Rf8 40. Bd1 b5 41. Bf2 g5
42. Bc2 Nf4+ 43. Kh2 Bd3 44. Bc5 Rc8 45. Bxd3 Nxd3 46. Rxd3 Rxc5 47. Rd4 Kf7 48.
Kg2 Ke7 49. Kf2 Rc4 50. Ke3 Kd7 51. Kd2 Kc6 52. Ke3 Kb6 53. Kd2 Rc7 54. Ke2 Kc5
55. Rb4 Rf7 56. Rd4 Rd7 57. Ke3 Rd8 58. Ke2 Rf8 59. Rb4 Rf7 60. Rd4 Kb6 61. Rb4
Rc7 62. Rd4 Rc4 63. Ke3 Kc6 64. Kd2 Kb6 65. Ke3 Ka5 66. Kd2 Rxd4+ 67. cxd4 b4
68. Kc2 Kb5 69. Kd3 Ka5 70. Kc2 b3+ 71. Kc3 Kb5 1/2-1/2

[Event "Reykjavik Open 2015"]
[Site "Reykjavik ISL"]
[Date "2015.03.15"]
[Round "7.44"]
[White "Rosner, Jonas"]
[Black "Djurhuus, Eivind X"]
[Result "1/2-1/2"]
[WhiteTitle "FM"]
[WhiteElo "2324"]
[BlackElo "2077"]
[WhiteFideId "24608513"]
[BlackFideId "1515721"]
[EventDate "2015.03.10"]

1. e4 c5 2. Nf3 g6 3. d4 cxd4 4. Nxd4 Nc6 5. c4 Nf6 6. Nc3 Nxd4 7. Qxd4 d6 8. f3
Bg7 9. Be3 O-O 10. Qd2 a5 11. b3 Bd7 12. Be2 Bc6 13. O-O Nd7 14. Rac1 Nc5 15.
Rfd1 Qb6 16. Nd5 Bxd5 17. cxd5 Rfc8 18. Rc4 Qd8 19. Rc2 h5 20. Rdc1 b6 21. Bb5
Kh7 22. Rb1 Qh8 23. Bc6 Ra7 24. a3 a4 25. b4 Nb3 26. Qd3 Bd4 27. Rd1 Bxe3+ 28.
Qxe3 Qd8 29. f4 f6 30. Rc3 Kg7 31. Qh3 b5 32. Rg3 Kh6 33. Kh1 Rb8 34. Rdd3 Qg8
35. Rge3 Qc8 36. Qg3 e5 37. fxe5 fxe5 38. Rf3 Qd8 39. Rf1 Nd4 40. h4 Kg7 41. Rd2
Rc8 42. Rdf2 Qe7 43. Qh3 Rac7 44. g4 Nxc6 45. dxc6 Qe6 46. Rf6 Qxg4 47. Rxg6+
Qxg6 48. Rg1 Qxg1+ 49. Kxg1 Rxc6 50. Qd7+ Kh8 51. Qf5 Rc1+ 1/2-1/2

[Event "Reykjavik Open 2015"]
[Site "Reykjavik ISL"]
[Date "2015.03.15"]
[Round "7.45"]
[White "Hitzler, Philipp"]
[Black "Van den Bersselaar, Jeroen"]
[Result "1-0"]
[WhiteElo "2315"]
[BlackElo "2083"]
[WhiteFideId "4658930"]
[BlackFideId "1006282"]
[EventDate "2015.03.10"]

1. d4 d5 2. c4 c6 3. Nf3 Nf6 4. Qc2 dxc4 5. Qxc4 Bf5 6. Nc3 e6 7. g3 Nbd7 8. Bg2
Be7 9. O-O O-O 10. e3 c5 11. h3 Ne4 12. Rd1 Nb6 13. Qe2 Nxc3 14. bxc3 Na4 15.
Bd2 Be4 16. Be1 Qc7 17. Ne5 Bxg2 18. Kxg2 f6 19. Nf3 a6 20. e4 Rad8 21. Qc4 Qd7
22. dxc5 Qc6 23. Nd4 Qxe4+ 24. f3 b5 25. cxb6 Nxb6 26. Qxa6 1-0

[Event "Reykjavik Open 2015"]
[Site "Reykjavik ISL"]
[Date "2015.03.15"]
[Round "7.46"]
[White "Miller, David"]
[Black "Haldorsen, Benjamin"]
[Result "1/2-1/2"]
[WhiteElo "2066"]
[BlackElo "2307"]
[WhiteFideId "2608634"]
[BlackFideId "1512633"]
[EventDate "2015.03.10"]

1. e4 e5 2. f4 exf4 3. Nf3 h6 4. d4 g5 5. Nc3 Bg7 6. g3 fxg3 7. hxg3 d6 8. Be3
Bg4 9. Be2 Nd7 10. Qd2 Nb6 11. O-O-O Qd7 12. Rdf1 O-O-O 13. d5 Nf6 14. Nd4 Bxe2
15. Qxe2 Ng4 16. Bg1 Kb8 17. a4 Nxa4 18. Nc6+ bxc6 19. Qa6 Nb6 20. Rxf7 Qc8 21.
Qxc8+ Rxc8 22. Rxg7 cxd5 23. exd5 Rhf8 24. Bxb6 axb6 25. Re1 Rce8 26. Rxe8+ Rxe8
27. Nb5 Re3 28. Rxc7 Rxg3 29. Rc6 Nf6 30. Rxb6+ Ka8 31. Nxd6 Nxd5 32. Rb5 Nc7
33. Rb7 Ne8 34. Rd7 Nxd6 35. Rxd6 h5 36. Rh6 h4 37. Kd2 h3 38. Ke2 g4 39. Kf1
Rg2 40. c4 Rxb2 41. Kg1 Rc2 42. Rg6 Rxc4 43. Kh2 Kb7 44. Kg3 Rc2 45. Rxg4 Rg2+
46. Kxh3 Rxg4 1/2-1/2

[Event "Reykjavik Open 2015"]
[Site "Reykjavik ISL"]
[Date "2015.03.15"]
[Round "7.47"]
[White "Mamedjarova, Zeinab"]
[Black "Stray, Gunnar"]
[Result "0-1"]
[WhiteTitle "WGM"]
[WhiteElo "2303"]
[BlackElo "2065"]
[WhiteFideId "13401521"]
[BlackFideId "1501631"]
[EventDate "2015.03.10"]

1. d4 d5 2. e3 Nf6 3. Bd3 c5 4. c3 Nc6 5. f4 Bg4 6. Nf3 e6 7. O-O Bd6 8. Qe1 Bf5
9. Be2 O-O 10. Ne5 h6 11. Nd2 Rc8 12. h3 Ne4 13. Ndf3 f6 14. Nd3 c4 15. Nb4 Nxb4
16. cxb4 c3 17. bxc3 Nxc3 18. a3 Nxe2+ 19. Qxe2 Qd7 20. Ra2 Rc7 21. Bd2 Rfc8 22.
Rfa1 Qa4 23. Nh4 Be4 24. Be1 Rc2 25. Qg4 Qd7 26. Bf2 Rc1+ 27. Rxc1 Rxc1+ 28. Kh2
f5 29. Qg3 g5 30. Nf3 Qg7 31. Ne5 gxf4 32. exf4 Rc3 33. Qxg7+ Kxg7 34. Be1 Rb3
35. Bf2 a6 36. Bg3 Bxe5 37. fxe5 Bb1 38. Ra1 h5 39. h4 Kf7 40. Be1 Ke7 41. Kg1
Kd7 42. Kf2 Be4 43. Ra2 Rd3 44. b5 axb5 45. a4 Rb3 46. axb5 f4 47. b6 Kc6 48.
Kg1 Kxb6 49. Bd2 f3 50. gxf3 Bxf3 51. Kf2 Be4 52. Ra8 Bf5 53. Rc8 Bg4 54. Bg5
Rf3+ 55. Ke1 Rd3 56. Kf2 Kb5 57. Rb8 Kc6 58. Be3 b6 59. Re8 Kb5 60. Rc8 Ka4 61.
Ra8+ Kb4 62. Rb8 b5 63. Rc8 Kb3 64. Rc7 b4 65. Rb7 Kc3 66. Rc7+ Kb2 67. Bg5 b3
68. Rb7 Kc2 69. Rc7+ Rc3 0-1

[Event "Reykjavik Open 2015"]
[Site "Reykjavik ISL"]
[Date "2015.03.15"]
[Round "7.48"]
[White "Prieto, Alberto"]
[Black "Kochetkova, Julia"]
[Result "0-1"]
[BlackTitle "WGM"]
[WhiteElo "2045"]
[BlackElo "2288"]
[WhiteFideId "2083426"]
[BlackFideId "4139690"]
[EventDate "2015.03.10"]

1. f4 g6 2. Nf3 Bg7 3. g3 c5 4. Bg2 Nc6 5. d3 d6 6. O-O e6 7. e4 Nge7 8. c3 O-O
9. Be3 b6 10. d4 cxd4 11. cxd4 Ba6 12. Rf2 Rc8 13. Nc3 Qd7 14. Rc1 Na5 15. Rfc2
Bb7 16. Bf2 b5 17. e5 b4 18. Ne2 Rxc2 19. Rxc2 Bxf3 20. Bxf3 dxe5 21. Qd2 exd4
22. Qxb4 d3 23. Rd2 Nac6 24. Qc4 Rd8 25. Be4 Bxb2 26. Rxd3 Nd5 27. Rd2 Bg7 28.
Nc1 Nce7 29. Nb3 Qb7 30. Na5 Qb8 31. Nc6 Nxc6 32. Qxc6 h5 33. Kg2 Nxf4+ 0-1

[Event "Reykjavik Open 2015"]
[Site "Reykjavik ISL"]
[Date "2015.03.15"]
[Round "7.49"]
[White "Karason, Askell O"]
[Black "Bergsson, Stefan"]
[Result "1-0"]
[WhiteElo "2274"]
[BlackElo "2063"]
[WhiteFideId "2300567"]
[BlackFideId "2301393"]
[EventDate "2015.03.10"]

1. d4 Nf6 2. c4 e6 3. Nc3 Bb4 4. Nf3 b6 5. Qb3 c5 6. Bg5 h6 7. Bh4 g5 8. Bg3 Ne4
9. O-O-O Bxc3 10. bxc3 d6 11. Nd2 Nxg3 12. hxg3 Qe7 13. dxc5 dxc5 14. Ne4 Kf8
15. f4 g4 16. Nd6 Nc6 17. e4 Ba6 18. e5 Rd8 19. Qc2 Kg7 20. Qe4 Qc7 21. f5 exf5
22. Qxf5 Qe7 23. Rh5 Qe6 24. Qf4 Ne7 25. Be2 f5 26. Nxf5+ Nxf5 27. Rxf5 Rxd1+
28. Kxd1 Qg6 29. Ke1 Bb7 30. Rf6 Qh5 31. e6 1-0

[Event "Reykjavik Open 2015"]
[Site "Reykjavik ISL"]
[Date "2015.03.15"]
[Round "7.50"]
[White "Skovgaard, Tom"]
[Black "Ptacnikova, Lenka"]
[Result "0-1"]
[BlackTitle "WGM"]
[WhiteElo "2042"]
[BlackElo "2242"]
[WhiteFideId "1406337"]
[BlackFideId "305650"]
[EventDate "2015.03.10"]

1. e4 e5 2. Nf3 Nf6 3. Nxe5 d6 4. Nf3 Nxe4 5. Qe2 Qe7 6. d3 Nf6 7. Bg5 Qxe2+ 8.
Bxe2 Be7 9. c3 h6 10. Bd2 c5 11. d4 Nc6 12. O-O O-O 13. Na3 Be6 14. Rfe1 cxd4
15. Nxd4 Nxd4 16. cxd4 Ne4 17. Be3 Rfc8 18. f3 Nf6 19. Rac1 Bxa2 20. Nb5 Nd5 21.
Bd2 a6 22. Nc3 Nxc3 23. Bxc3 Bg5 24. Ra1 Bc4 25. Bxc4 Rxc4 26. d5 Rc5 27. Red1
Rb5 28. Ra4 Rc8 29. Re4 Kf8 30. h4 Bd8 31. h5 Ba5 32. b4 Bb6+ 33. Bd4 Rxd5 34.
Kf1 Kg8 35. Ke2 f5 36. Bxb6 Rxd1 37. Re7 Rd5 38. Ke3 Re5+ 0-1

[Event "Reykjavik Open 2015"]
[Site "Reykjavik ISL"]
[Date "2015.03.15"]
[Round "7.51"]
[White "Simpson, Ben"]
[Black "Morshedi, Ali"]
[Result "0-1"]
[BlackTitle "FM"]
[WhiteElo "1843"]
[BlackElo "2221"]
[WhiteFideId "444405"]
[BlackFideId "2021730"]
[EventDate "2015.03.10"]

1. e4 e5 2. Nf3 Nc6 3. d4 exd4 4. Nxd4 Nf6 5. Nxc6 bxc6 6. e5 Qe7 7. Qe2 Nd5 8.
c4 Nb6 9. b3 g6 10. Bb2 Bg7 11. Nd2 O-O 12. O-O-O a5 13. Qe3 a4 14. Bd3 axb3 15.
axb3 d5 16. f4 dxc4 17. Nxc4 Nd5 18. Qf3 Be6 19. g4 Rfb8 20. Bc2 Nb4 21. Be4
Bxc4 22. bxc4 Qc5 23. Kd2 Ra2 24. Rb1 Qd4+ 25. Kc1 Qxc4+ 26. Kd1 Rd8+ 27. Ke1
Rxb2 28. Rxb2 Qc1+ 29. Kf2 Qxb2+ 30. Kg3 g5 31. fxg5 Qxe5+ 32. Kh4 Rd2 33. h3 h6
34. gxh6 Bf6+ 0-1

[Event "Reykjavik Open 2015"]
[Site "Reykjavik ISL"]
[Date "2015.03.15"]
[Round "7.52"]
[White "Pulvett Marin, Daniel"]
[Black "Chan, James"]
[Result "1-0"]
[WhiteTitle "IM"]
[WhiteElo "2434"]
[BlackElo "2038"]
[WhiteFideId "3900410"]
[BlackFideId "2605775"]
[EventDate "2015.03.10"]

1. d4 d5 2. c4 c6 3. Nc3 Nf6 4. e3 a6 5. Nf3 Bf5 6. cxd5 cxd5 7. Qb3 Ra7 8. Bd2
e6 9. Rc1 b5 10. a4 b4 11. Na2 a5 12. Bb5+ Nfd7 13. Ne5 Ra8 14. e4 Bxe4 15. Bf4
g5 16. Nxd7 Nxd7 17. Rc7 gxf4 18. Rxd7 Qxd7 19. Bxd7+ Kxd7 20. O-O Rc8 21. Nc1
Rg8 22. g3 fxg3 23. hxg3 Bd6 24. Re1 f5 25. Kf1 f4 26. gxf4 Bxf4 27. Rxe4 dxe4
28. Ne2 Bg5 29. Qh3 Rg7 30. d5 Re7 31. dxe6+ Kd8 32. Qf5 h6 33. Nd4 e3 34. f4
Bh4 35. Qxa5+ 1-0

[Event "Reykjavik Open 2015"]
[Site "Reykjavik ISL"]
[Date "2015.03.15"]
[Round "7.53"]
[White "Shen, Victor C"]
[Black "Strand, Kjetil"]
[Result "0-1"]
[WhiteTitle "IM"]
[WhiteElo "2401"]
[BlackElo "2037"]
[WhiteFideId "2028581"]
[BlackFideId "1503111"]
[EventDate "2015.03.10"]

1. d4 d5 2. c4 c6 3. Nc3 dxc4 4. e3 b5 5. a4 b4 6. Ne4 Qd5 7. Ng3 Nf6 8. Be2
Nbd7 9. Nf3 c3 10. bxc3 bxc3 11. Qc2 e5 12. e4 Qa5 13. O-O Bb4 14. Rb1 exd4 15.
Nxd4 c5 16. Ndf5 O-O 17. Bg5 Qb6 18. Rfd1 Re8 19. Nd6 Re6 20. Nxc8 Rxc8 21. Bc4
Rd6 22. Nf5 Rxd1+ 23. Rxd1 Rf8 24. f4 Qc7 25. e5 Nxe5 26. fxe5 Qxe5 27. Bh4 g6
28. Nd6 Ng4 29. Bg3 Qe7 30. Re1 Qf6 31. Kh1 Qd4 32. Rd1 Ne3 33. Rxd4 Nxc2 34.
Re4 Na3 35. Bf4 c2 36. h4 Bc3 37. Bc1 Rd8 38. Bxf7+ Kg7 39. Bb3 Rxd6 40. Bxa3
Rd1+ 41. Kh2 c1=Q 42. Bxc1 Rxc1 43. Re7+ Kf8 44. Re4 Bd4 45. Bd5 Ra1 46. Bc6 Kf7
47. Kg3 h5 48. Kf4 Kf6 49. Bb5 Rb1 50. Re8 Rb4 51. Rf8+ Kg7 52. Rc8 a6 53. Bxa6
Rxa4 54. Bd3 Bg1+ 55. Kf3 Rxh4 56. Rc7+ Kh6 57. Rc6 Rg4 58. Bf5 Rg5 59. Be4 h4
60. Kf4 Bd4 61. Kf3 Rg3+ 62. Kf4 Be3+ 63. Ke5 Rg5+ 64. Kf6 Rg4 65. Ke5 Bd4+ 66.
Kd5 Rg3 67. Ke6 Kg5 68. Kd5 Kh5 69. Ra6 g5 70. Ra7 Kg4 71. Rf7 Rc3 72. Rf8 Kg3
73. Ke6 Re3 74. Kf5 Rxe4 75. Kxe4 0-1

[Event "Reykjavik Open 2015"]
[Site "Reykjavik ISL"]
[Date "2015.03.15"]
[Round "7.54"]
[White "Jensson, Einar Hjalti"]
[Black "Thiry, Jean-Christophe"]
[Result "1-0"]
[WhiteTitle "FM"]
[WhiteElo "2390"]
[BlackElo "2031"]
[WhiteFideId "2301067"]
[BlackFideId "209015"]
[EventDate "2015.03.10"]

1. e4 e5 2. Nf3 d6 3. d4 Nf6 4. dxe5 Nxe4 5. Qd5 Nc5 6. Bg5 Qd7 7. Nc3 c6 8. Qd2
dxe5 9. Nxe5 Qxd2+ 10. Bxd2 Be7 11. O-O-O Be6 12. h3 Nbd7 13. Nf3 O-O 14. Nd4
Nf6 15. Nxe6 Nxe6 16. g3 Rad8 17. Bg2 Rd7 18. Ne4 Rfd8 19. Ba5 Rxd1+ 20. Rxd1
Rxd1+ 21. Kxd1 Kf8 22. Bd2 Nxe4 23. Bxe4 g6 24. Ke2 Ke8 25. Bc3 Kd7 26. f4 Nc5
27. Bf3 Na4 28. Bd4 a6 29. Bg4+ f5 30. Bf3 Nc5 31. c3 Bd6 32. b4 Ne6 33. Bf2 Be7
34. Kd3 Bf6 35. a4 Kd6 36. a5 h5 37. h4 Kd7 38. Bd1 Nc7 39. Bb3 Nd5 40. Be1 Be7
41. Bf2 Bf6 42. Bd4 Bxd4 43. Kxd4 Kd6 44. Ba2 Nc7 45. Bf7 Ne6+ 46. Kd3 Nf8 47.
Bg8 Nd7 48. Kd4 Ke7 49. Bc4 Kd6 50. Be2 Nf8 51. Bc4 Ne6+ 52. Kd3 Nf8 53. Bg8 Ke7
54. Kd4 Kd6 55. Kc4 Ke7 56. Kc5 Nd7+ 57. Kd4 Kd6 58. Bf7 Nf8 59. Bb3 Ne6+ 60.
Bxe6 Kxe6 61. Kc5 Kd7 62. Kb6 Kc8 63. Kc5 Kc7 64. c4 Kd7 65. b5 cxb5 66. cxb5
axb5 67. Kxb5 Kc8 68. Kc4 Kd8 69. Kd4 Kd7 70. Kd5 Kc7 71. Ke6 Kc6 72. Kf6 Kb5
73. Kxg6 Kxa5 74. Kxf5 b5 75. Ke4 b4 76. f5 b3 77. Kd3 Kb4 78. f6 Ka3 79. f7 b2
80. f8=Q+ Ka2 81. Qa8+ 1-0

[Event "Reykjavik Open 2015"]
[Site "Reykjavik ISL"]
[Date "2015.03.15"]
[Round "7.55"]
[White "Lunn, Matthew"]
[Black "Loos, Roland"]
[Result "1/2-1/2"]
[WhiteElo "2034"]
[BlackElo "2337"]
[WhiteFideId "405485"]
[BlackFideId "4643232"]
[EventDate "2015.03.10"]

1. d4 d5 2. c4 c6 3. Nf3 e6 4. g3 f5 5. Bg2 Nf6 6. O-O Bd6 7. b3 Qe7 8. a4 a5 9.
Ba3 b6 10. Qc1 Bb7 11. Bxd6 Qxd6 12. Qa3 c5 13. Nc3 O-O 14. Ne5 Qe7 15. cxd5
exd5 16. e3 Na6 17. Rac1 Rac8 18. Rfd1 Nb4 19. Nb5 Ne4 20. Qb2 Ba6 21. Bf1 Rfd8
22. Nc3 Bxf1 23. Kxf1 Rd6 24. Ne2 g5 25. Kg2 Qe8 26. dxc5 bxc5 27. Nd3 Rb6 28.
Nxb4 Rxb4 29. f3 Nd6 30. Rxd5 Qe6 31. Qd2 Rc6 32. Rd1 Nf7 33. Qc3 Rc7 34. Qd3
Re7 35. Rxc5 Qxe3 36. Rc8+ Kg7 37. Qxe3 Rxe3 38. Kf2 Rexb3 39. Rc7 Rb7 40. Rxb7
Rxb7 1/2-1/2

[Event "Reykjavik Open 2015"]
[Site "Reykjavik ISL"]
[Date "2015.03.15"]
[Round "7.56"]
[White "Tjomsland, Stig"]
[Black "Cabello Aguilar, Enrique"]
[Result "1/2-1/2"]
[WhiteTitle "FM"]
[WhiteElo "2300"]
[BlackElo "2015"]
[WhiteFideId "1501704"]
[BlackFideId "2231115"]
[EventDate "2015.03.10"]

1. d4 Nf6 2. c4 c5 3. d5 b5 4. cxb5 a6 5. f3 axb5 6. e4 Qa5+ 7. Bd2 b4 8. Na3 d6
9. Nc4 Qd8 10. a3 e6 11. dxe6 Bxe6 12. Ne3 bxa3 13. Rxa3 Nbd7 14. Bc3 Be7 15.
Ne2 Rxa3 16. bxa3 Qa8 17. Bb2 O-O 18. Nc3 Rb8 19. Bb5 Nb6 20. O-O d5 21. exd5
Nbxd5 22. Nexd5 Nxd5 23. Nxd5 Bxd5 24. Qe2 Bf8 25. a4 Bc6 26. Be5 Re8 27. Qb2
Bxb5 28. axb5 Qd5 29. Bc3 Rb8 30. Rb1 Rb7 31. Kh1 f6 32. b6 c4 33. Be1 Kf7 34.
Qa2 g5 35. Qa8 Bd6 36. Ra1 Kg6 37. Bf2 c3 38. Qc8 Be5 39. Qe8+ Kg7 40. Ra7 Qd1+
41. Bg1 Rxa7 42. bxa7 c2 43. Qe7+ Kg6 44. Qe8+ Kg7 1/2-1/2

[Event "Reykjavik Open 2015"]
[Site "Reykjavik ISL"]
[Date "2015.03.15"]
[Round "7.57"]
[White "Wahlbom, Magnus"]
[Black "Murray, Michael A."]
[Result "1-0"]
[WhiteElo "2278"]
[BlackElo "2008"]
[WhiteFideId "1700685"]
[BlackFideId "2609126"]
[EventDate "2015.03.10"]

1. d4 Nc6 2. Nf3 e6 3. c4 Bb4+ 4. Bd2 Bxd2+ 5. Qxd2 d6 6. Nc3 Nf6 7. g3 O-O 8.
Bg2 Qe7 9. O-O e5 10. d5 Nb8 11. e4 a5 12. Qc2 Na6 13. a3 Bd7 14. Rfc1 a4 15.
Nxa4 Bxa4 16. Qxa4 Nxe4 17. Nh4 Nec5 18. Qc2 g6 19. Re1 f5 20. f4 Rae8 21. b4
Nd7 22. Nf3 Qf6 23. Rad1 h6 24. fxe5 dxe5 25. c5 e4 26. Nd4 Ne5 27. Ne6 Rf7 28.
Qe2 c6 29. Nf4 Nc7 30. dxc6 bxc6 31. Rd6 Qg7 32. Qa2 Kh7 33. h3 Rfe7 34. a4 Nf3+
35. Bxf3 exf3 36. Rf1 Nd5 37. Nxd5 Re2 38. Nf6+ Qxf6 39. Qxe2 fxe2 40. Rxf6
exf1=Q+ 41. Kxf1 Rb8 42. b5 cxb5 43. Rb6 Rc8 44. Rxb5 g5 45. a5 Rc6 46. Kf2 h5
47. Ke3 Kg8 48. Kd4 h4 49. gxh4 g4 50. hxg4 fxg4 51. Rb6 Rc8 52. Rg6+ Kh7 53.
Rxg4 Ra8 54. Kd5 Rxa5 55. Kd6 1-0

[Event "Reykjavik Open 2015"]
[Site "Reykjavik ISL"]
[Date "2015.03.15"]
[Round "7.58"]
[White "Niemann, Hans M"]
[Black "Hansen, Lars-Henrik Bech"]
[Result "1/2-1/2"]
[WhiteElo "2275"]
[BlackElo "1994"]
[WhiteFideId "2093596"]
[BlackFideId "1402021"]
[EventDate "2015.03.10"]

1. d4 g6 2. c4 Nf6 3. Nc3 Bg7 4. e4 d6 5. Nf3 O-O 6. Be2 e5 7. dxe5 dxe5 8. Qxd8
Rxd8 9. Bg5 Re8 10. O-O-O c6 11. Nxe5 Nxe4 12. Nxe4 Bxe5 13. Nd6 Bxd6 14. Rxd6
Nd7 15. Be3 Nf8 16. Rhd1 Ne6 17. Bf3 Ng7 18. g4 a5 19. b3 Be6 20. Kb2 a4 21.
R1d4 axb3 22. axb3 f5 23. g5 Rf8 24. c5 Rae8 25. Rb4 Bc8 26. Rc4 Be6 27. Ra4 Bc8
28. Bg2 f4 29. Rxf4 Rxf4 30. Bxf4 Rf8 31. Bg3 Ne6 32. h4 Nxc5 33. Bf1 Re8 34. f3
Be6 35. Bf2 Nd7 36. f4 Kf7 37. Bc4 Nf8 38. Bd4 Bxc4 39. Rf6+ Kg8 40. bxc4 Re6
41. Kc3 Rxf6 42. Bxf6 Kf7 43. Kd4 Ke6 44. Ke4 Nd7 45. Bd4 b5 46. cxb5 cxb5 47.
h5 b4 48. f5+ gxf5+ 49. Kf4 b3 50. Bg7 Kf7 51. Bc3 Ke6 52. Ba1 Nf8 53. Bg7 Kf7
54. Bb2 Ke6 1/2-1/2

[Event "Reykjavik Open 2015"]
[Site "Reykjavik ISL"]
[Date "2015.03.15"]
[Round "7.59"]
[White "Stuhr, Peter Sebastian"]
[Black "Kristinsson, Jon"]
[Result "0-1"]
[WhiteElo "1973"]
[BlackElo "2251"]
[WhiteFideId "1426729"]
[BlackFideId "2300141"]
[EventDate "2015.03.10"]

1. e4 e5 2. Nc3 Nf6 3. Bc4 Bc5 4. d3 Nc6 5. Be3 Bb6 6. Nd5 Nxd5 7. Bxd5 d6 8. c3
O-O 9. Qd2 Be6 10. Bb3 Qe7 11. f4 Rad8 12. Nf3 d5 13. Nxe5 Nxe5 14. fxe5 dxe4
15. d4 Bxb3 16. axb3 Qe6 17. Rf1 c5 18. Bg5 Rd7 19. Qf4 cxd4 20. O-O-O Qxb3 21.
Qxe4 Rc8 22. Qc2 Qa2 23. Rf3 dxc3 0-1

[Event "Reykjavik Open 2015"]
[Site "Reykjavik ISL"]
[Date "2015.03.15"]
[Round "7.60"]
[White "Masungwini, Michael T"]
[Black "Olafsson, Thorvardur"]
[Result "0-1"]
[WhiteElo "1972"]
[BlackElo "2230"]
[WhiteFideId "14308231"]
[BlackFideId "2301148"]
[EventDate "2015.03.10"]

1. d4 g6 2. c4 Nf6 3. Nf3 Bg7 4. Nc3 O-O 5. Bg5 d6 6. e3 c6 7. Qd2 Nbd7 8. O-O-O
a6 9. e4 b5 10. e5 b4 11. exf6 bxc3 12. Qxc3 Nxf6 13. Bd3 c5 14. Rhe1 Bg4 15.
Bc2 Bxf3 16. Qxf3 cxd4 17. h4 Rb8 18. Qa3 Qc7 19. Kb1 e5 20. Bd3 Rfc8 21. Bxf6
Bxf6 22. h5 a5 23. hxg6 hxg6 24. Re4 Rb4 25. Rg4 Rcb8 26. b3 Qc5 27. Qc1 Rxb3+
28. Ka1 Qa3 29. Bxg6 fxg6 30. Rxg6+ Kf7 31. Rxf6+ Kxf6 32. Qh6+ Ke7 33. Qg7+ Kd8
34. Qf8+ Kc7 35. Qf7+ Kc8 36. Qe8+ Kb7 37. Qd7+ Ka6 38. Qc6+ R3b6 0-1

[Event "Reykjavik Open 2015"]
[Site "Reykjavik ISL"]
[Date "2015.03.15"]
[Round "7.61"]
[White "Johannesson, Oliver"]
[Black "Jonsson, Gauti Pall"]
[Result "1-0"]
[WhiteElo "2212"]
[BlackElo "1968"]
[WhiteFideId "2305623"]
[BlackFideId "2309092"]
[EventDate "2015.03.10"]

1. d4 e6 2. c4 b6 3. e4 Bb7 4. Bd3 Bb4+ 5. Bd2 a5 6. Nf3 d6 7. O-O Bxd2 8. Nbxd2
Ne7 9. Qe2 Ng6 10. g3 O-O 11. h4 Nc6 12. Rad1 Re8 13. Rfe1 Qd7 14. Qe3 Rad8 15.
Bb1 e5 16. d5 Nb8 17. h5 Nf4 18. gxf4 Qg4+ 19. Kf1 exf4 20. Qc3 Qxh5 21. Ke2 Bc8
22. Rh1 Bh3 23. Rdg1 g6 24. Ke1 f5 25. Ng5 1-0